Avatar: The Last Airbender Trivia Quiz #1 - Statistics

General Stats
  • This quiz has been taken 167 times
  • The average score is 12 of 20
Answer Stats
Hint Answer % Correct
katara is the last what of the southern water tribe? waterbender
92%
which air temple is upside down under a cliff? western air temple
89%
how many sisters does ty lee have? six
86%
what material is sokka's sword made from? meteorite
83%
what is the (supposedly) most secure fire nation prison? boiling rock
76%
what is longshot's weapon of choice? bow and arrow
75%
what is ozai's new title? phoenix king
75%
where does the dai li brainwash people? beneath lake laogai
70%
what does aang set off in the old fire nation ship? flare
65%
what is the name of the ancient civilization who have the last two dragons? sun warriors
64%
where did tui and la dwell in the northern water tribe? spirit oasis
58%
what did mai tell azula after betraying her? "i love zuko more than i fear you"
57%
what forced the gaang into the swamp? tornado
55%
where did appa get kidnapped? wan shi tong's spirit library
51%
who invented the fire nation war balloons? the mechanist
44%
what is grangran's name? kanna
39%
what is roku's dragon named? fang
36%
what was hama's occupation? innkeeper
30%
what are the creatures that dwell in the Great Divide? canyon crawlers
23%
who got hired by toph's parents to find her and bring her home? xin fu | master yu
23%
No matching quizzes found
Score Distribution
Percent of People with Each Score
Percentile by Number Answered
Your Score History
You have not taken this quiz